Statistics for NHL Teams Over .700 Win %

Click here to take the quiz!

General Stats

  • This quiz has been taken 31 times
  • The average score is 14 of 17

Answer Stats

#Team% Correct
11Boston Bruins
97%
7Detroit Red Wings
97%
11Montreal Canadiens
97%
2Edmonton Oilers
93%
1Chicago Blackhawks
90%
5Philadelphia Flyers
90%
2New York Islanders
87%
2Pittsburgh Penguins
87%
1San Jose Sharks
83%
3Washington Capitals
83%
1Tampa Bay Lightning
80%
1Vancouver Canucks
80%
1Calgary Flames
77%
1Anaheim Ducks
73%
1Colorado Avalanche
70%
1Nashville Predators
67%
1Buffalo Sabres
63%

Score Distribution

Percentile by Number Answered

Percent of People with Each Score

Your Score History

You have not taken this quiz